| 000 | 00506nam a2200157 4500 | ||
|---|---|---|---|
| 001 | 132028 | ||
| 003 | ES-MaACL | ||
| 005 | 20230906194106.0 | ||
| 007 | t| | ||
| 008 | 070214s1953 sp r ||||1| spa d | ||
| 100 | 1 |
_aRoig y Llop, Tomás. _999027 |
|
| 245 | 1 | 0 |
_aDos mil cantores de clavé en Madrid _b: (crónica de un viaje triunfal) / _cTomás Roig y Llop. |
| 260 |
_aBarcelona : _b[s.n.], _c1953 ( _fGráf. Martorell) |
||
| 300 |
_a72 p., 10 lám. ; _c20 cm. |
||
| 852 |
_aES-MaACL _j1978-F-14 _bR.35517 |
||
| 999 |
_c132028 _d132028 |
||